[Event "AUTO-ADV-1440"]
[Site "http://www.queenalice.com/game.php?id=637471"]
[Date "2009.8.16"]
[Round "1"]
[White "locaodanet"]
[Black "FreitasPC"]
[Result "1-0"]
[WhiteElo "1906"]
[BlackElo "1689"]

1. e4 e5 2. Nf3 Nc6 3. Bb5 a6 4. Ba4 d6 5. O-O Bd7 6. c3 Nf6 7. Re1 Be7 8. d4
exd4 9. cxd4 O-O 10. Bc2 Bg4 11. Qd3 Nb4 12. Qb3 Nxc2 13. Qxc2 Rc8 14. Qd3 c5
15. Nc3 c4 16. Qe2 b5 17. h3 Bh5 18. Bf4 Re8 19. Rad1 d5 20. e5 Nd7 21. Nxd5 Nb6
22. Nxe7+ Qxe7 23. Qe4 f5 24. Qxf5 Rf8 25. Qe4 Bg6 26. Qe3 Nd5 27. Bg5 Nxe3 28.
Bxe7 Nxd1 29. Bxf8 Nxb2 30. Bc5 Nd3 31. Re3 Nxc5 32. dxc5 Rxc5 33. Rc3 Be4 34.
Nd2 Bd3 35. Ra3 Rxe5 36. Rxa6 b4 37. Rb6 Re2 38. Nf3 Rxa2 39. Rxb4 Ra1+ 40. Kh2
Ra5 41. Nd4 Ra2 42. Kg3 1-0

[Event "AUTO-ADV-1440"]
[Site "http://www.queenalice.com/game.php?id=637472"]
[Date "2009.8.16"]
[Round "1"]
[White "FreitasPC"]
[Black "locaodanet"]
[Result "1-0"]
[WhiteElo "1747"]
[BlackElo "1928"]

1. d4 d5 2. c4 c6 3. a4 Nf6 4. Nc3 e6 5. Nf3 Nbd7 6. e3 b6 7. Bd3 Bb7 8. O-O c5
9. Nd2 Bd6 10. e4 cxd4 11. Nb5 Bc5 12. exd5 e5 13. Ne4 Nxe4 14. Bxe4 a6 15. Na3
O-O 16. Bd2 Rc8 17. b4 Be7 18. Qc2 Nf6 19. Qd3 Nxe4 20. Qxe4 Qd6 21. Rab1 f5 22.
Qe1 e4 23. Qc1 Bxd5 24. Bf4 Qd7 25. Be5 Bc6 26. Rd1 d3 27. Qc3 Bf6 28. Bxf6 Rxf6
29. b5 axb5 30. axb5 Bb7 31. Rd2 Rd6 32. Qb4 f4 33. Re1 Qg4 34. Qxd6 e3 35. fxe3
1-0

[Event "AUTO-ADV-1449"]
[Site "http://www.queenalice.com/game.php?id=641165"]
[Date "2009.8.23"]
[Round "1"]
[White "Osedvr"]
[Black "locaodanet"]
[Result "0-1"]
[WhiteElo "1801"]
[BlackElo "1905"]

1. e4 e5 2. Nf3 Nc6 3. h3 Nf6 4. Nc3 d5 5. exd5 Nxd5 6. Bc4 Nb6 7. Bb3 Na5 8.
O-O Nxb3 9. axb3 Bd6 10. Qe2 f6 11. d3 O-O 12. Ne4 Be6 13. Bd2 Qe7 14. d4 Nd7
15. dxe5 Nxe5 16. c4 Bb4 17. Bxb4 Qxb4 18. Ra3 Rfe8 19. Nd4 Nxc4 20. Nxe6 Rxe6
21. Ra4 Qe7 22. Rxc4 f5 23. Re1 Re8 24. Qf3 fxe4 25. Rexe4 Rxe4 26. Rxe4 Qxe4
27. Qg3 Qe5 28. Qf3 Qxb2 29. Qd5+ Kh8 30. Qd7 Qc1+ 31. Kh2 Qf4+ 32. g3 Qxf2+ 33.
Kh1 Re1# 0-1

[Event "AUTO-ADV-1449"]
[Site "http://www.queenalice.com/game.php?id=641166"]
[Date "2009.8.23"]
[Round "1"]
[White "locaodanet"]
[Black "Osedvr"]
[Result "1-0"]
[WhiteElo "1917"]
[BlackElo "1781"]

1. d4 d5 2. c4 c6 3. Nf3 h6 4. Nc3 Nf6 5. e3 Bf5 6. Nh4 Bg4 7. f3 Be6 8. Bd3
dxc4 9. Bc2 Na6 10. a3 Qc7 11. O-O Bd7 12. Nf5 e6 13. Ng3 Bd6 14. f4 O-O 15. e4
Be7 16. f5 exf5 17. Nxf5 Rae8 18. Qf3 c5 19. e5 Nh7 20. Nxh6+ gxh6 21. Bxh6 Ng5
22. Bxg5 Bxg5 23. Qh5 f5 24. exf6 Rxf6 25. Qxg5+ Kh8 26. Qxf6+ Kg8 27. Qf7+ 1-0

[Event "AUTO-ADV-1449"]
[Site "http://www.queenalice.com/game.php?id=641177"]
[Date "2009.8.23"]
[Round "1"]
[White "ajbsantos"]
[Black "locaodanet"]
[Result "1-0"]
[WhiteElo "1985"]
[BlackElo "1919"]

1. e4 e5 2. Nf3 Nc6 3. Bb5 a6 4. Ba4 Nf6 5. O-O Be7 6. Re1 b5 7. Bb3 d6 8. c3
Na5 9. Bc2 c5 10. d4 Qc7 11. Nbd2 Bb7 12. d5 O-O 13. Nf1 Rac8 14. Ng3 b4 15.
cxb4 cxb4 16. Bd3 Nd7 17. Bd2 Qb6 18. Nf5 Bf6 19. Be3 Nc5 20. b3 Ba8 21. Rc1
Nab7 22. Qe2 Qa5 23. Bxc5 dxc5 24. Bxa6 Rc7 25. Red1 g6 26. d6 Rd7 27. Bb5 Rdd8
28. Ne7+ Kh8 29. Nc6 Qb6 30. d7 Na5 31. Nxa5 Qxa5 32. Rxc5 Qa7 33. Rdc1 Be7 34.
Rc7 Qb6 35. Qc4 Bxe4 36. Nxe5 Bd6 37. Nxf7+ Rxf7 38. Qxf7 Bxc7 39. Qe8+ Kg7 40.
Qxe4 Bxh2+ 41. Kxh2 Qxb5 42. Qe7+ Kh6 43. Qxd8 Qe5+ 44. g3 Qf5 45. Qh4+ 1-0

[Event "AUTO-ADV-1449"]
[Site "http://www.queenalice.com/game.php?id=641178"]
[Date "2009.8.23"]
[Round "1"]
[White "locaodanet"]
[Black "ajbsantos"]
[Result "1/2-1/2"]
[WhiteElo "1917"]
[BlackElo "1960"]

1. e4 e5 2. Nf3 Nc6 3. Bb5 a6 4. Ba4 Nf6 5. O-O Be7 6. Re1 b5 7. Bb3 O-O 8. c3
d6 9. d4 Bg4 10. Qd3 Nb8 11. dxe5 dxe5 12. Qxd8 Rxd8 13. Nxe5 Bh5 14. h3 Bd6 15.
Bf4 Nbd7 16. Nd3 Bg6 17. e5 Bxd3 18. exd6 cxd6 19. Bxd6 Re8 20. Rxe8+ Rxe8 21.
Nd2 Nb6 22. Nf3 h6 23. Re1 Rxe1+ 24. Nxe1 Bc4 25. Bc2 Bxa2 26. b3 Nfd5 27. Be5
a5 28. Nd3 a4 29. Nc1 axb3 30. Nxb3 Na4 31. Nc1 Naxc3 32. Nxa2 Nxa2 33. Bb3 Nac3
34. Kf1 Kf8 35. Ke1 f6 36. Bd4 b4 37. Kd2 Nf4 38. g3 Ng6 39. Bxc3 bxc3+ 40. Kxc3
Ke7 41. Kd4 Kd6 42. Bc2 Ne5 43. Be4 Nf7 44. f3 Ng5 45. h4 Ne6+ 46. Ke3 g5 47.
hxg5 1/2-1/2

[Event "AUTO-ADV-1449"]
[Site "http://www.queenalice.com/game.php?id=641183"]
[Date "2009.8.23"]
[Round "1"]
[White "pedepano"]
[Black "locaodanet"]
[Result "0-1"]
[WhiteElo "1623"]
[BlackElo "1908"]

1. e4 e5 2. Nf3 Nc6 3. Bb5 a6 4. Ba4 Nf6 5. O-O Be7 6. Re1 b5 7. Bb3 O-O 8. c3
d6 9. h3 Na5 10. Bc2 c5 11. d4 Qc7 12. Nbd2 cxd4 13. cxd4 Bb7 14. Nf1 Rac8 15.
Bd3 d5 16. exd5 exd4 17. Bf5 Rcd8 18. Qxd4 Rxd5 19. Qf4 Bd6 20. Qh4 Rxf5 21. Ng3
Bxg3 22. fxg3 Bxf3 23. gxf3 Rxf3 24. Bf4 Qc5+ 25. Kh1 Rf2 26. Be3 Qd5+ 27. Kg1
Qg2# 0-1

[Event "AUTO-ADV-1449"]
[Site "http://www.queenalice.com/game.php?id=641184"]
[Date "2009.8.23"]
[Round "1"]
[White "locaodanet"]
[Black "pedepano"]
[Result "1-0"]
[WhiteElo "1913"]
[BlackElo "1617"]

1. e4 e5 2. Nf3 Nc6 3. Bb5 a6 4. Ba4 Nf6 5. O-O Be7 6. Re1 b5 7. Bb3 O-O 8. c3
d6 9. d4 Bg4 10. dxe5 Nxe5 11. Nbd2 Nxf3+ 12. Nxf3 Qd7 13. Bg5 Rfe8 14. Qd3 Qc6
15. Bxf6 Bxf6 16. Bd5 Qc5 17. Bxa8 Rxa8 18. Nd4 Re8 19. f3 Bh5 20. Kh1 Bh4 21.
Nb3 Qb6 22. Re2 f5 23. Qd5+ Kh8 24. Qxf5 Bg6 25. Qg4 Bf6 26. Rd1 b4 27. cxb4
Qxb4 28. Nc1 Qb5 29. Nd3 Bf7 30. f4 Bc4 31. e5 dxe5 32. fxe5 Be7 33. a4 Qd5 34.
Red2 Bxd3 35. Rxd3 Qxe5 36. Qg3 1-0

[Event "Challenge"]
[Site "http://www.queenalice.com/game.php?id=676858"]
[Date "2009.11.3"]
[Round "-"]
[White "toninhnodaprata"]
[Black "locaodanet"]
[Result "0-1"]
[WhiteElo "1742"]
[BlackElo "1871"]

1. e4 e5 2. Nf3 Nc6 3. Bc4 Bc5 4. d3 Nf6 5. Bg5 Na5 6. Bxf7+ Kxf7 7. Nxe5+ Ke8
8. Bxf6 Qxf6 9. Qh5+ g6 10. Ng4 Qxb2 11. Qe5+ Qxe5 12. Nxe5 Bd4 13. Nxg6 hxg6
14. c3 Bf6 15. O-O d6 16. d4 Bd7 17. Nd2 Kf7 18. Rab1 Rae8 19. h3 Bc6 20. f3 d5
21. e5 Bh4 22. f4 Ke6 23. Rf3 Nc4 24. Nxc4 dxc4 25. Re3 Bd5 26. g3 Be7 27. g4
Rh7 28. Kh2 Rf8 29. Rf1 Rhf7 30. Kg3 Bg5 31. Ree1 Bxf4+ 32. Rxf4 Rxf4 33. Re3
Rf3+ 34. Rxf3 Rxf3+ 0-1

[Event "CONTROL6"]
[Site "http://www.queenalice.com/game.php?id=685481"]
[Date "2009.11.18"]
[Round "-"]
[White "locaodanet"]
[Black "jorm"]
[Result "0-1"]
[WhiteElo "1913"]
[BlackElo "1728"]

1. e4 e5 2. Nf3 d6 3. d4 Nd7 4. Bc4 h6 5. dxe5 dxe5 6. Qd5 Qf6 7. Qb5 c6 8. Qb3
b5 9. Bd3 Nc5 10. Qc3 a5 11. Be3 Nxd3+ 12. cxd3 Bb4 0-1

[Event "AUTO-MASTER-972"]
[Site "http://www.queenalice.com/game.php?id=691689"]
[Date "2009.12.2"]
[Round "1"]
[White "fbafelipe"]
[Black "locaodanet"]
[Result "0-1"]
[WhiteElo "1928"]
[BlackElo "1900"]

1. c4 c5 2. Nc3 g6 3. g3 Nf6 4. Nf3 Bg7 5. Bg2 O-O 6. O-O d5 7. cxd5 Nxd5 8. d3
Nb6 9. Bg5 Nc6 10. Qd2 Qc7 11. Bh6 e5 12. e4 a6 13. Nd5 Nxd5 14. exd5 Nd4 15.
Nxd4 exd4 16. Bf4 Be5 17. Rfe1 Bxf4 18. Qxf4 Qxf4 19. gxf4 Bf5 20. Rad1 Rfe8 21.
Be4 Rad8 22. f3 Bc8 23. a4 f5 24. Bxf5 Bxf5 25. Re5 Rxe5 26. fxe5 Rxd5 27. f4
Kf7 28. Kf2 Ke6 29. Kg3 b5 30. a5 c4 31. dxc4 bxc4 32. h4 h6 33. Kf2 Bd3 34. b3
c3 0-1

[Event "AUTO-MASTER-972"]
[Site "http://www.queenalice.com/game.php?id=691690"]
[Date "2009.12.2"]
[Round "1"]
[White "locaodanet"]
[Black "fbafelipe"]
[Result "1-0"]
[WhiteElo "1913"]
[BlackElo "1959"]

1. e4 c5 2. Nf3 d6 3. d4 cxd4 4. Nxd4 Nf6 5. Nc3 a6 6. Bg5 h6 7. Bxf6 exf6 8.
Bc4 Be7 9. O-O f5 10. Nxf5 Bxf5 11. exf5 O-O 12. Nd5 Bg5 13. f4 Bh4 14. Qh5 Nc6
15. Rf3 b5 16. Bb3 Nd4 17. Rh3 Nxb3 18. axb3 Bf6 19. Qg4 Bxb2 20. Rd1 Rc8 21.
Rxh6 Rxc2 22. Rh3 Qe8 23. f6 1-0

[Event "AUTO-MASTER-972"]
[Site "http://www.queenalice.com/game.php?id=691703"]
[Date "2009.12.2"]
[Round "1"]
[White "Alexandrovinsk"]
[Black "locaodanet"]
[Result "1-0"]
[WhiteElo "2208"]
[BlackElo "1911"]

1. e4 e5 2. Nc3 Nf6 3. Bc4 Nc6 4. f4 Nxe4 5. Bxf7+ Kxf7 6. Nxe4 exf4 7. Qh5+ g6
8. Qd5+ Kg7 9. b3 Kh6 10. d3 Bd6 11. Nxd6 Qf6 12. Nf3 cxd6 13. O-O Rf8 14. Rb1
Ne5 15. Nd4 Qh4 16. Qxd6 Nc6 17. Qxf8+ Kh5 18. Bxf4 Nxd4 19. Qh6+ Kg4 20. h3+
Kf5 21. Bg3+ 1-0

[Event "AUTO-MASTER-972"]
[Site "http://www.queenalice.com/game.php?id=691704"]
[Date "2009.12.2"]
[Round "1"]
[White "locaodanet"]
[Black "Alexandrovinsk"]
[Result "0-1"]
[WhiteElo "1877"]
[BlackElo "2120"]

1. d4 f5 2. Nc3 Nf6 3. Bg5 e6 4. e4 Be7 5. Bxf6 Bxf6 6. exf5 exf5 7. Qf3 d6 8.
O-O-O O-O 9. Bc4+ Kh8 10. Qh5 g6 11. Qf3 Nc6 12. Nge2 Qe7 13. Nf4 Qg7 14. Be6
Bg5 15. Kb1 Bxf4 16. Bxc8 Raxc8 17. Qxf4 Rfe8 18. Rhe1 Rxe1 19. Rxe1 Qxd4 20.
Qxd4+ Nxd4 21. Re7 Nc6 22. Re3 Ne5 23. Nd5 Kg7 24. f4 Nc6 25. h3 h6 26. g4 fxg4
27. hxg4 g5 28. f5 Ne5 29. Re4 Kf7 30. Kc1 c6 31. Ne3 Kf6 32. Kd2 d5 33. Ra4 a6
34. Ra3 d4 0-1

[Event "AUTO-MASTER-972"]
[Site "http://www.queenalice.com/game.php?id=691713"]
[Date "2009.12.2"]
[Round "1"]
[White "locaodanet"]
[Black "mister_pawn"]
[Result "0-1"]
[WhiteElo "1911"]
[BlackElo "2086"]

1. e4 c5 2. Nf3 d6 3. d4 cxd4 4. Nxd4 a6 5. Nc3 Nf6 6. Bg5 Nc6 7. Qd2 e6 8.
O-O-O Be7 9. f4 O-O 10. Be2 Ne8 11. h4 f6 12. Rh2 e5 13. Nxc6 bxc6 14. f5 fxg5
15. h5 h6 16. Rf1 Bb7 17. Nd1 d5 18. exd5 cxd5 19. Ne3 Nf6 20. Ng4 Nxg4 21. Bxg4
Bf6 0-1

[Event "AUTO-MASTER-972"]
[Site "http://www.queenalice.com/game.php?id=691714"]
[Date "2009.12.2"]
[Round "1"]
[White "mister_pawn"]
[Black "locaodanet"]
[Result "1-0"]
[WhiteElo "2134"]
[BlackElo "1907"]

1. e4 e5 2. Nf3 Nc6 3. Bb5 a6 4. Ba4 Nf6 5. O-O Be7 6. Qe2 b5 7. Bb3 O-O 8. c3
Na5 9. Bc2 c5 10. Nxe5 Re8 11. b4 d6 12. Nxf7 Kxf7 13. bxa5 Bf8 14. d3 Qxa5 15.
d4 Bb7 16. dxc5 dxc5 17. e5 Qc7 18. f4 Kg8 19. Be3 Nd5 20. Bd2 c4 21. Rf3 Bc5+
22. Kh1 Nb6 23. Rg3 Rad8 24. Qh5 g6 25. Bxg6 Re7 26. Bxh7+ Kf8 27. Rg8# 1-0

[Event "AUTO-ADV-1449"]
[Site "http://www.queenalice.com/game.php?id=692776"]
[Date "2009.12.4"]
[Round "2"]
[White "kasparinov"]
[Black "locaodanet"]
[Result "1-0"]
[WhiteElo "2028"]
[BlackElo "1887"]

1. e4 e5 2. Nf3 Nc6 3. Bc4 Bc5 4. Nc3 Nf6 5. d3 d6 6. h3 O-O 7. O-O Re8 8. Be3
Bxe3 9. fxe3 Na5 10. Bb3 Nxb3 11. axb3 c6 12. Qe2 Qb6 13. Kh1 Nh5 14. Kh2 Qd8
15. Qf2 d5 16. Nxe5 Nf6 17. Qf4 Qd6 18. d4 Be6 19. exd5 cxd5 20. Nb5 Qb4 21. Nc7
1-0

[Event "AUTO-ADV-1449"]
[Site "http://www.queenalice.com/game.php?id=692777"]
[Date "2009.12.4"]
[Round "2"]
[White "locaodanet"]
[Black "kasparinov"]
[Result "0-1"]
[WhiteElo "1917"]
[BlackElo "2016"]

1. e4 c5 2. Nf3 d6 3. d4 cxd4 4. Nxd4 a6 5. Nc3 Nf6 6. Bg5 e6 7. f4 Be7 8. Qf3
Nbd7 9. O-O-O h6 10. Bh4 Qc7 11. Nb3 b5 12. Bd3 Bb7 13. Qg3 b4 14. Ne2 g5 15.
fxg5 Nxe4 16. Qf4 hxg5 0-1

[Event "AUTO-ADV-1449"]
[Site "http://www.queenalice.com/game.php?id=692780"]
[Date "2009.12.4"]
[Round "2"]
[White "sh_sla"]
[Black "locaodanet"]
[Result "1-0"]
[WhiteElo "1833"]
[BlackElo "1931"]

1. e4 c5 2. Bc4 e6 3. d3 Nc6 4. f4 d5 5. exd5 exd5 6. Bb3 Nf6 7. Nf3 Qb6 8. c4
Na5 9. O-O Bd6 10. Re1+ Be6 11. cxd5 c4+ 12. Be3 Bc5 13. d4 Qa6 14. Ba4+ b5 15.
dxe6 1-0

[Event "AUTO-ADV-1449"]
[Site "http://www.queenalice.com/game.php?id=692781"]
[Date "2009.12.4"]
[Round "2"]
[White "locaodanet"]
[Black "sh_sla"]
[Result "0-1"]
[WhiteElo "1905"]
[BlackElo "1864"]

1. e4 e5 2. Nf3 Nc6 3. Bb5 Bc5 4. c3 d6 5. d4 exd4 6. cxd4 Bb4+ 7. Nc3 Bd7 8.
Qb3 Bxc3+ 9. bxc3 h6 10. O-O a6 11. Bd3 b5 12. Re1 Nge7 13. Bf4 O-O 14. e5 Be6
15. Qc2 Nd5 16. Bg3 f5 17. Nh4 dxe5 18. Bxe5 Qxh4 19. Bxg7 Kxg7 20. Rxe6 Nce7
21. Rae1 Rf7 22. R6e5 Rg8 23. Bxf5 Rgf8 24. Rxe7 Nxe7 25. Rxe7 Rxe7 0-1

[Event "AUTO-ADV-1449"]
[Site "http://www.queenalice.com/game.php?id=692782"]
[Date "2009.12.4"]
[Round "2"]
[White "ajbsantos"]
[Black "locaodanet"]
[Result "1-0"]
[WhiteElo "1948"]
[BlackElo "1869"]

1. e4 e5 2. Nf3 Nc6 3. Bb5 a6 4. Ba4 Nf6 5. O-O Be7 6. Re1 b5 7. Bb3 d6 8. c3
Na5 9. Bc2 c5 10. d4 Qc7 11. Nbd2 O-O 12. Nf1 Bb7 13. d5 Rac8 14. Ne3 Rfe8 15.
Nf5 Bf8 16. Bg5 Nh5 17. Nxe5 dxe5 18. d6 Qd7 19. Qxh5 g6 20. Nh6+ Kg7 21. Qh4
Qxd6 22. Rad1 Qe6 23. Ng4 Be7 24. Bh6+ Kg8 25. Qg3 Bf8 26. Bxf8 Kxf8 27. Qh4 h5
28. Nf6 Red8 29. Rxd8+ Rxd8 30. b3 Rd2 31. Bb1 Kg7 32. Qg5 Rd6 33. Nxh5+ Kf8 34.
Qh6+ Ke7 35. Ng3 Qd7 36. Qe3 c4 37. b4 1-0

[Event "AUTO-ADV-1449"]
[Site "http://www.queenalice.com/game.php?id=692783"]
[Date "2009.12.4"]
[Round "2"]
[White "locaodanet"]
[Black "ajbsantos"]
[Result "0-1"]
[WhiteElo "1882"]
[BlackElo "1946"]

1. d4 d5 2. c4 c6 3. Nf3 Nf6 4. Nc3 e6 5. e3 Nbd7 6. Bd3 dxc4 7. Bxc4 b5 8. Bd3
Bb7 9. e4 b4 10. Na4 c5 11. e5 Nd5 12. O-O Be7 13. Qc2 Rc8 14. Nd2 O-O 15. Nc4
cxd4 16. Re1 Nc5 17. Nxc5 Bxc5 18. b3 h6 19. a3 a5 20. axb4 Nxb4 21. Qb1 Nc6 22.
Bd2 Bb4 23. Bxb4 Nxb4 24. Nd6 Rc7 25. Rxa5 Bd5 26. Rb5 Nxd3 27. Qxd3 Rc3 28.
Qxd4 Rxb3 29. Rb1 Qc7 30. h3 Rxb1+ 31. Rxb1 Qc6 32. f3 Ra8 33. Qf4 Rf8 34. Rb7
Qc5+ 35. Kh2 Bxb7 36. Nxb7 Qe7 37. Nd6 f6 0-1